000 00277nam a22001217a 4500
008 170313b xxu||||| |||| 00| 0 eng d
041 _aeng
080 _a591
100 _a7
101 _aSHM
245 _aANATOMY AND PHYSIOLOGY OF FARM ANIMALS
_cFRANDSON,R.D
942 _2udc
_cBK
999 _c7722
_d7722